Normal view
MARC view
- Gerald Jay Sussman and Jack Wisdom
Entry Personal Name
001 - CONTROL NUMBER
- control field: 10553
003 - CONTROL NUMBER IDENTIFIER
- control field: NUST
005 - DATE AND TIME OF LATEST TRANSACTION
- control field: 20180528084704.0
008 - FIXED-LENGTH DATA ELEMENTS
- fixed length control field: 180528|| aca||aabn | a|a d
040 ## - CATALOGING SOURCE
- Original cataloging agency: NUST
- Transcribing agency: NUST
100 ## - HEADING--PERSONAL NAME
- Personal name: Gerald Jay Sussman and Jack Wisdom
670 ## - SOURCE DATA FOUND
- Source citation: Work cat.: (NUST): Gerald Jay Sussman and Jack Wisdom, Structure and Interpretation of Classical Mechanics
